000 01832cam a22004934i 4500
003 PE-LiUPU
005 20250731173108.0
008 181211s2017 tnu r 001 0 eng d
020 _a9781462758753
020 _a1462758754
035 _a(Sirsi) a251009
040 _aPE-LiUPU
_bspa
_cPE-LiUPU
_erda
049 _aPRUA
082 0 4 _a220
_bE49
_223
100 1 _aEmerson, Matthew Y.,
_d1984-,
_eautor.
245 1 4 _aThe story of scripture :
_ban introduction to biblical theology /
_cMatthew Y. Emerson ; Heath A. Thomas, editor.
264 1 _aNashville, Tennessee :
_bB & H Academic,
_c2017.
300 _axv, 95 páginas ;
_c21 centímetros.
336 _atext
_2rdacontent
337 _aunmediated
_2rdamedia
338 _avolume
_2rdacarrier
490 0 _aHobbs College library
504 _aÍndice : páginas 93-95.
505 0 _aIntroduction: what is biblical theology? -- The story of the Bible. Part 1 -- The story of the Bible. Part 2: redemption, continued -- The story of the Bible. Part 3: The New Testament -- Exploring biblical terrains -- Using the map: practical applications for biblical theology.
526 _aSEG42
526 _aSEG41
526 _aSEG40
526 _aSEG39
526 _aP94
526 _aP87
526 _aP86
526 _aP85
526 _aP77
526 _aP76
526 _aP35
650 0 4 _aBiblia
_xTeología.
_91435
700 1 _aThomas, Heath,
_eeditor.
910 _adbm
_bncf
_cncf
_d20181211
942 _2ddc
_cBOOK
994 _aC0
_bPEPRU
596 _a1
999 _a220 E49
_wLC
_c30463
_i79514
_f2021-11-9
_g4
_lCCODEBUL1
_mBUL
_p10.00
_r0
_sY
_tBOOK
_u2018-12-11
_xTEOLOGIA
_PP85
_0DONACION
_1FCOMPR2
_o.STAFF. Colección Teología
_d30463
980 _81
_gALBERTO SANCHEZ Responsable de Automatización